| 000 | 01365cas a22003255 4500 | ||
|---|---|---|---|
| 001 | vtls003133560 | ||
| 003 | MY-SjTCS | ||
| 005 | 20200207085316.0 | ||
| 006 | m d |||||| | ||
| 007 | cr anunnnuuuaa | ||
| 008 | 780224c19779999caubr1p o 0 a0eng d | ||
| 022 | 0 | _a0146-5945 | |
| 035 | _a(EbpS)ebs807686 | ||
| 039 | 9 |
_a201211161129 _bizani _y200812260842 _zVLOAD |
|
| 050 | 0 | 0 |
_aH1 _b.P69 |
| 245 | 0 | 0 |
_aPolicy review _h[electronic resource]. |
| 260 |
_a[Stanford, CA, _bHoover Institution, Stanford University] |
||
| 310 |
_aBimonthly, _b1996- |
||
| 362 | 0 | _a1- summer 1977- | |
| 500 | _aAcademic Journal | ||
| 529 | _aTSLHHL | ||
| 530 | _aOnline version of print publication. | ||
| 550 | _aPublished by: Heritage Foundation, 1977-Apr.-May 2001; Hoover Institution, June-July 2001- | ||
| 650 | 0 |
_aSocial policy _vPeriodicals. |
|
| 650 | 0 |
_aEconomic policy _vPeriodicals. |
|
| 710 | 2 | _aHeritage Foundation (Washington, D.C.) | |
| 710 | 2 | _aHoover Institution on War, Revolution, and Peace. | |
| 773 | 0 |
_tAcademic Source Complete _dIpswich, MA : EBSCO Publishing, 1999- |
|
| 856 | 4 | 0 |
_3Full text available: Jan 1990-. _zAvailable on EBSCOhost. _uhttps://ezproxy.taylors.edu.my/login?url=https://search.ebscohost.com/direct.asp?db=a9h&jid=PLV |
| 999 | _c115194 | ||